[Event "Zalakaros op 37th"]
[Site "Zalakaros"]
[Date "2018.05.28"]
[Round "4"]
[White "Csonka, Attila Istvan"]
[Black "Reitinger, Petr"]
[Result "1-0"]
[WhiteElo "2372"]
[BlackElo "2003"]
[PlyCount "35"]
[EventDate "2018.05.25"]
[EventType "swiss"]
[EventRounds "9"]
[EventCountry "HUN"]
[SourceTitle "EXT 2019"]
[Source "ChessBase"]
[SourceDate "2018.10.10"]
[SourceVersion "1"]
[SourceVersionDate "2018.10.10"]
[SourceQuality "1"]

1. e4 e6 2. d4 d5 3. Nd2 c5 4. Ngf3 dxe4 5. Nxe4 cxd4 6. Qxd4 Qxd4 7. Nxd4 Nf6 8. Nxf6+ gxf6 9. Nb5 Na6 10. Be3 b6 11. 0-0-0 Bb7 12. Nxa7 Bc5 13. Bb5+ Kf8 14. Bh6+ Kg8 15. Rd3 Bxf2 16. Rhd1 Bd5 17. Nc6 Re8 18. Bxa6 1-0

[Event "Zalakaros op 37th"]
[Site "Zalakaros"]
[Date "2018.05.27"]
[Round "3"]
[White "Reitinger, Petr"]
[Black "Meszaros, Tamas"]
[Result "1/2-1/2"]
[WhiteElo "2003"]
[BlackElo "2407"]
[PlyCount "120"]
[EventDate "2018.05.25"]
[EventType "swiss"]
[EventRounds "9"]
[EventCountry "HUN"]
[SourceTitle "EXT 2019"]
[Source "ChessBase"]
[SourceDate "2018.10.10"]
[SourceVersion "1"]
[SourceVersionDate "2018.10.10"]
[SourceQuality "1"]

1. e4 c5 2. Nf3 Nc6 3. d4 cxd4 4. Nxd4 e6 5. c4 Nf6 6. Nc3 Bb4 7. Nxc6 bxc6 8. Bd3 e5 9. 0-0 0-0 10. Be3 d5 11. cxd5 Bxc3 12. bxc3 cxd5 13. exd5 Qxd5 14. Qe2 Bb7 15. f3 Rfe8 16. Bc4 Qa5 17. Qb2 Qc7 18. Bd3 e4 19. fxe4 Nxe4 20. Bd4 Re6 21. Rab1 Bc6 22. Bc4 Re7 23. Rbe1 Rae8 24. Bb3 Qa5 25. Re3 Qg5 26. Ref3 Nd6 27. Rg3 Qxg3 28. hxg3 Re2 29. Qxe2 Rxe2 30. Rf2 Rxf2 31. Bxf2 a5 32. Bd1 Bd5 33. Bb3 Bc6 34. Bd1 Bb5 35. a4 Bd7 36. Bb6 Nc4 37. Bc7 Nb2 38. Bc2 Bxa4 39. Bxa4 Nxa4 40. Bxa5 f6 41. Kf2 Nb2 42. Bb4 Nc4 43. Ke2 Kf7 44. Kd3 Ne5+ 45. Kd4 Ke6 46. c4 h5 47. Bd2 g5 48. Bc1 Kf5 49. c5 Kg4 50. Kd5 Nd3 51. Ba3 Nxc5 52. Bxc5 Kxg3 53. Be7 Kxg2 54. Bxf6 g4 55. Ke4 g3 56. Kf4 Kh3 57. Kf3 g2 58. Bd4 Kh2 59. Be5+ Kh1 60. Bd4 h4 1/2-1/2

[Event "CZE-chT2B 1314"]
[Site "Czech Republic"]
[Date "2013.11.03"]
[Round "1.7"]
[White "Hoke, Petr"]
[Black "Reitinger, Petr"]
[Result "0-1"]
[WhiteElo "2027"]
[BlackElo "2054"]
[PlyCount "72"]
[EventDate "2013.11.03"]
[EventType "team-tourn"]
[EventRounds "11"]
[EventCountry "CZE"]
[SourceTitle "EXT 2015"]
[Source "ChessBase"]
[SourceDate "2014.11.20"]
[SourceVersion "1"]
[SourceVersionDate "2014.11.20"]
[SourceQuality "1"]
[WhiteTeam "Litomerice"]
[BlackTeam "Decin"]
[WhiteTeamCountry "CZE"]
[BlackTeamCountry "CZE"]

1. e4 Nf6 2. d3 d5 3. Nd2 c5 4. c3 Nc6 5. Be2 e5 6. Ngf3 Be7 7. 0-0 0-0 8. Qc2 h6 9. Re1 Be6 10. b3 Rc8 11. Bf1 Qc7 12. g3 Rfd8 13. c4 dxc4 14. dxc4 Nd4 15. Nxd4 cxd4 16. Qd3 Bb4 17. Rd1 Bc3 18. Rb1 a5 19. Nf3 Nd7 20. Ne1 a4 21. Qe2 axb3 22. axb3 Nc5 23. f4 f6 24. Nd3 b5 25. Nf2 bxc4 26. bxc4 d3 27. Nxd3 Bxc4 28. Qf3 Bb3 29. Rxb3 Nxb3 30. Be3 Bd4 31. Bxd4 Nxd4 32. Qh5 exf4 33. Rc1 Qb6 34. Nc5 fxg3 35. hxg3 Kh8 36. Kh1 Ne6 0-1

[Event "CZE-chT2B 1112"]
[Site "Czech Republic"]
[Date "2012.02.19"]
[Round "8.7"]
[White "Reitinger, Petr"]
[Black "Misicko, Jan"]
[Result "0-1"]
[WhiteElo "2093"]
[BlackElo "2058"]
[PlyCount "46"]
[EventDate "2011.10.09"]
[EventType "team-tourn"]
[EventRounds "11"]
[EventCountry "CZE"]
[SourceTitle "EXT 2013"]
[Source "ChessBase"]
[SourceDate "2012.11.22"]
[SourceVersion "1"]
[SourceVersionDate "2012.11.22"]
[SourceQuality "1"]
[WhiteTeam "Decin"]
[BlackTeam "Kladno"]
[WhiteTeamCountry "CZE"]
[BlackTeamCountry "CZE"]

1. e4 c5 2. Nf3 e6 3. d4 cxd4 4. c3 dxc3 5. Nxc3 Bc5 6. Bc4 Ne7 7. 0-0 0-0 8. Qe2 Nbc6 9. Rd1 Ng6 10. a3 a6 11. b4 Be7 12. Be3 Bf6 13. Rac1 b5 14. Nxb5 axb5 15. Bxb5 Qe8 16. Bc5 Be7 17. Qd3 f5 18. Bxc6 dxc6 19. Qb3 Nf4 20. Nd4 fxe4 21. Rc2 Bxc5 22. bxc5 Ba6 23. g3 Nd5 0-1

[Event "CZE-chT2B 1011"]
[Site "Czech Republic"]
[Date "2011.01.09"]
[Round "5.8"]
[White "Sura, Jaroslav"]
[Black "Reitinger, Petr"]
[Result "1/2-1/2"]
[WhiteElo "2179"]
[BlackElo "2108"]
[PlyCount "45"]
[EventDate "2010.10.17"]
[EventType "team-tourn"]
[EventRounds "11"]
[EventCountry "CZE"]
[SourceTitle "EXT 2012"]
[Source "ChessBase"]
[SourceDate "2011.11.24"]
[SourceVersion "1"]
[SourceVersionDate "2011.11.24"]
[SourceQuality "1"]
[WhiteTeam "Postovni sporitelna II"]
[BlackTeam "Decin"]
[WhiteTeamCountry "CZE"]
[BlackTeamCountry "CZE"]

1. e4 e6 2. d4 d5 3. exd5 exd5 4. Nc3 c6 5. Bd3 Nf6 6. Bg5 Nbd7 7. Nf3 Qe7+ 8. Qe2 Qxe2+ 9. Nxe2 Ne4 10. Bxe4 dxe4 11. Nd2 f5 12. f3 exf3 13. Nxf3 Bd6 14. 0-0-0 0-0 15. Bf4 Bxf4+ 16. Nxf4 Nf6 17. Rhe1 Bd7 18. Ne5 Rfe8 19. d5 cxd5 20. Nxd7 Nxd7 21. Rxe8+ Rxe8 22. Rxd5 Ne5 23. Rc5 1/2-1/2

[Event "CZE-chT2B 0910"]
[Site "Czech Republic"]
[Date "2009.12.06"]
[Round "4.8"]
[White "Reitinger, Petr"]
[Black "Nemec, Petr"]
[Result "1/2-1/2"]
[WhiteElo "2114"]
[BlackElo "2041"]
[PlyCount "79"]
[EventDate "2009.10.18"]
[EventType "team-tourn"]
[EventRounds "11"]
[EventCountry "CZE"]
[SourceTitle "EXT 2012"]
[Source "ChessBase"]
[SourceDate "2011.11.24"]
[SourceVersion "1"]
[SourceVersionDate "2011.11.24"]
[SourceQuality "1"]
[WhiteTeam "Decin"]
[BlackTeam "Usti nad Labem"]
[WhiteTeamCountry "CZE"]
[BlackTeamCountry "CZE"]

1. e4 d5 2. exd5 Nf6 3. d4 Nxd5 4. c4 Nf6 5. Nc3 e6 6. Nf3 Be7 7. Bf4 0-0 8. Be2 b6 9. Ne5 Bb7 10. Bf3 Qc8 11. Qe2 Nfd7 12. 0-0 Nxe5 13. dxe5 c5 14. Rfd1 Nc6 15. Bxc6 Qxc6 16. f3 Rfd8 17. Ne4 h6 18. b3 a5 19. a4 Rd7 20. Rxd7 Qxd7 21. Rd1 Qc7 22. Nc3 Rd8 23. Rxd8+ Qxd8 24. Qd1 Qxd1+ 25. Nxd1 g5 26. Bg3 Kg7 27. Kf2 h5 28. h3 Kg6 29. Ke3 g4 30. hxg4 hxg4 31. Nc3 gxf3 32. gxf3 Kf5 33. Nb5 Bc6 34. Nc3 Bg5+ 35. f4 Be7 36. Be1 Bd8 37. Ne2 Be7 38. Ng3+ Kg4 39. Ne4 Kf5 40. Ng3+ 1/2-1/2

[Event "CZE-chT2B 0910"]
[Site "Czech Republic"]
[Date "2009.11.22"]
[Round "3.7"]
[White "Tichy, Stepan"]
[Black "Reitinger, Petr"]
[Result "1-0"]
[WhiteElo "2051"]
[BlackElo "2114"]
[PlyCount "55"]
[EventDate "2009.10.18"]
[EventType "team-tourn"]
[EventRounds "11"]
[EventCountry "CZE"]
[SourceTitle "EXT 2012"]
[Source "ChessBase"]
[SourceDate "2011.11.24"]
[SourceVersion "1"]
[SourceVersionDate "2011.11.24"]
[SourceQuality "1"]
[WhiteTeam "Karlovy Vary"]
[BlackTeam "Decin"]
[WhiteTeamCountry "CZE"]
[BlackTeamCountry "CZE"]

1. Nf3 f5 2. d4 Nf6 3. c4 g6 4. g3 Bg7 5. Bg2 0-0 6. 0-0 d6 7. Nc3 Nc6 8. d5 Ne5 9. Qb3 Nfd7 10. Be3 b6 11. Nb5 Nc5 12. Qc2 a5 13. Nbd4 Bd7 14. h3 Rc8 15. Ng5 h6 16. Nge6 Bxe6 17. dxe6 Na6 18. a3 c5 19. Nb5 Nc6 20. Rad1 g5 21. f4 gxf4 22. Rxf4 Nab8 23. Rdf1 Ne5 24. Bb7 Nbc6 25. Rxf5 Rxf5 26. Qxf5 Nxc4 27. Qf7+ Kh8 28. Bxh6 1-0

[Event "CZE-chT2b 0506"]
[Site "Czech Republic"]
[Date "2006.01.15"]
[Round "6"]
[White "Reitinger, Petr"]
[Black "Horak, Jiri"]
[Result "1-0"]
[WhiteElo "2095"]
[BlackElo "2241"]
[PlyCount "97"]
[EventDate "2005.10.16"]
[EventType "team"]
[EventRounds "11"]
[EventCountry "CZE"]
[SourceTitle "EXT 2009"]
[Source "ChessBase"]
[SourceDate "2008.11.26"]
[SourceVersion "1"]
[SourceVersionDate "2008.11.26"]
[SourceQuality "1"]

1. e4 e5 2. Nf3 Nc6 3. d4 exd4 4. Bc4 Bc5 5. c3 dxc3 6. Bxf7+ Kxf7 7. Qd5+ Kf8 8. Qxc5+ d6 9. Qxc3 Qf6 10. Bg5 Qxc3+ 11. Nxc3 Bg4 12. 0-0 h6 13. Bh4 Bxf3 14. gxf3 Nge7 15. Rac1 Rc8 16. f4 Ng6 17. Bg3 Kf7 18. f5 Nge5 19. f4 Nd3 20. Rcd1 Nxb2 21. Rb1 Nd3 22. Rxb7 Nc5 23. Rbb1 Rhe8 24. Rbe1 Nd4 25. Kg2 Rb8 26. Bf2 Rb2 27. Kg3 Rd2 28. Bxd4 Rxd4 29. e5 Rd3+ 30. Rf3 Rxf3+ 31. Kxf3 dxe5 32. Rxe5 Nd3 33. Ra5 Ne1+ 34. Kg4 h5+ 35. Kxh5 Rh8+ 36. Kg4 Rxh2 37. Rxa7 Rg2+ 38. Kh3 Rb2 39. Nd5 Nf3 40. Rxc7+ Kf8 41. a4 Ra2 42. Nc3 Ra1 43. Ra7 Nd4 44. f6 Ra3 45. fxg7+ Kg8 46. Rc7 Ne2 47. Kg4 Nxc3 48. Kf5 Nb5 49. axb5 1-0

[Event "Plzen op-A 10th"]
[Site "Plzen"]
[Date "2004.??.??"]
[Round "8"]
[White "Reitinger, Petr"]
[Black "Rehorek, Martin"]
[Result "0-1"]
[WhiteElo "2090"]
[BlackElo "2300"]
[PlyCount "76"]
[EventDate "2004.08.??"]
[EventType "swiss"]
[EventRounds "9"]
[EventCountry "CZE"]
[SourceTitle "EXT 2007"]
[Source "ChessBase"]
[SourceDate "2006.11.23"]
[SourceVersion "1"]
[SourceVersionDate "2006.11.23"]
[SourceQuality "1"]

1. f4 c5 2. Nf3 Nf6 3. b3 e6 4. Bb2 Be7 5. e3 d6 6. Bb5+ Nbd7 7. 0-0 a6 8. Bxd7+ Bxd7 9. d3 0-0 10. Qe2 b5 11. Nbd2 Bc6 12. e4 d5 13. Bxf6 Bxf6 14. e5 Be7 15. d4 b4 16. Rfd1 Bb5 17. Qf2 Qb6 18. Kh1 Rfc8 19. dxc5 Bxc5 20. Qg3 Bf2 21. Qg4 Rxc2 22. f5 exf5 23. Qxf5 Qg6 24. Qxg6 hxg6 25. Nf1 Rd8 26. Nd4 Rb2 27. Nxb5 axb5 28. Rd2 Rxd2 29. Nxd2 Bd4 30. Rd1 Bxe5 31. Nf3 Bc3 32. Nd4 Ra8 33. g3 Rxa2 34. Nxb5 Rb2 35. Rxd5 Rxb3 36. Rc5 Bf6 37. Rc8+ Kh7 38. Rb8 Rd3 0-1

[Event "Plzen op-A 10th"]
[Site "Plzen"]
[Date "2004.??.??"]
[Round "7"]
[White "Studnicka, Tomas"]
[Black "Reitinger, Petr"]
[Result "1/2-1/2"]
[WhiteElo "2300"]
[BlackElo "2090"]
[PlyCount "120"]
[EventDate "2004.08.??"]
[EventType "swiss"]
[EventRounds "9"]
[EventCountry "CZE"]
[SourceTitle "EXT 2007"]
[Source "ChessBase"]
[SourceDate "2006.11.23"]
[SourceVersion "1"]
[SourceVersionDate "2006.11.23"]
[SourceQuality "1"]

1. c4 e6 2. Nc3 d5 3. d4 dxc4 4. e4 c6 5. Bxc4 b5 6. Bb3 b4 7. Nce2 Nf6 8. Ng3 Be7 9. N1e2 0-0 10. 0-0 Ba6 11. e5 Nd5 12. f4 f5 13. exf6 Bxf6 14. f5 exf5 15. Rxf5 g6 16. Rf3 Kh8 17. Bh6 Bg7 18. Bxg7+ Kxg7 19. Rxf8 Qxf8 20. Rc1 Qe7 21. Qd2 Bb7 22. Bxd5 cxd5 23. Nf4 Nc6 24. Re1 Qf7 25. Rf1 Qd7 26. Qf2 Kg8 27. Nd3 Re8 28. Ne2 Qe7 29. Nef4 Qf7 30. Nc5 Bc8 31. h3 Kh8 32. Qd2 a5 33. Nfe6 Qe7 34. Ng5 Rf8 35. Nf3 Qf6 36. Qe3 Kg7 37. Re1 Qf4 38. Nd3 Qg3 39. Nfe5 Qxe3+ 40. Rxe3 Nxd4 41. Nc5 Re8 42. Ng4 Rxe3 43. Nxe3 Ne6 44. Nb3 d4 45. Nc4 a4 46. Nbd2 Nc5 47. Ne5 b3 48. axb3 Nxb3 49. Nxb3 axb3 50. Nf3 d3 51. Kf2 Kf6 52. Ke3 Ba6 53. Nd2 Bb7 54. g3 g5 55. Nxb3 Bg2 56. Kxd3 Bxh3 57. Nd4 Bg2 58. Ke3 h5 59. b4 Ke5 60. b5 h4 1/2-1/2

[Event "Plzen op-A 9th"]
[Site "Plzen"]
[Date "2003.08.22"]
[Round "7"]
[White "Reitinger, Petr"]
[Black "Podbrdsky, Pavel"]
[Result "0-1"]
[WhiteElo "2083"]
[BlackElo "2142"]
[PlyCount "76"]
[EventDate "2003.08.16"]
[EventType "swiss"]
[EventRounds "9"]
[EventCountry "CZE"]
[SourceTitle "CBM 095 Extra"]
[Source "ChessBase"]
[SourceDate "2003.09.04"]
[SourceVersion "1"]
[SourceVersionDate "2003.09.04"]
[SourceQuality "1"]

1. e4 e5 2. Nf3 Nc6 3. Bb5 a6 4. Bxc6 dxc6 5. 0-0 Qd6 6. d4 exd4 7. Qxd4 Qxd4 8. Nxd4 c5 9. Nb3 Bd7 10. Be3 b6 11. c4 0-0-0 12. Nc3 Ne7 13. f4 f5 14. e5 Be6 15. Nd2 Nc6 16. Rac1 Rd3 17. Kf2 Be7 18. b3 Rhd8 19. Rfd1 Bf7 20. Nf3 Nb4 21. Ne1 Rxd1 22. Rxd1 Rxd1 23. Nxd1 Nxa2 24. Nd3 Nb4 25. Nxb4 cxb4 26. Bd4 a5 27. Ne3 Be6 28. g4 g6 29. gxf5 gxf5 30. Nd5 Bh4+ 31. Ke3 b5 32. Kd3 bxc4+ 33. bxc4 Kb7 34. Nf6 Bxf6 35. exf6 Kc6 36. Ba7 a4 37. Be3 a3 38. Bc1 Kb6 0-1

[Event "Plzen op-A 9th"]
[Site "Plzen"]
[Date "2003.08.19"]
[Round "4"]
[White "Vagner, Tomas"]
[Black "Reitinger, Petr"]
[Result "0-1"]
[WhiteElo "2161"]
[BlackElo "2083"]
[PlyCount "48"]
[EventDate "2003.08.16"]
[EventType "swiss"]
[EventRounds "9"]
[EventCountry "CZE"]
[SourceTitle "CBM 095 Extra"]
[Source "ChessBase"]
[SourceDate "2003.09.04"]
[SourceVersion "1"]
[SourceVersionDate "2003.09.04"]
[SourceQuality "1"]

1. b3 e5 2. Bb2 Nc6 3. e3 Nf6 4. Nf3 d6 5. d4 exd4 6. Nxd4 g6 7. Nxc6 bxc6 8. Qf3 Bg7 9. Qxc6+ Bd7 10. Qf3 0-0 11. h3 Be6 12. c4 d5 13. Nd2 Ne4 14. 0-0-0 Bxb2+ 15. Kxb2 f5 16. Nxe4 fxe4 17. Qg3 Qf6+ 18. Kc2 dxc4 19. Bxc4 Bxc4 20. bxc4 Rab8 21. Rb1 Qa6 22. Rb5 Qxa2+ 23. Kc3 Qa3+ 24. Kd4 Qd3+ 0-1

[Event "Guben op"]
[Site "Guben"]
[Date "2003.??.??"]
[Round "2"]
[White "Reitinger, Petr"]
[Black "Gladyszev, Oleg"]
[Result "0-1"]
[WhiteElo "2114"]
[BlackElo "2451"]
[PlyCount "42"]
[EventDate "2003.??.??"]
[EventType "swiss"]
[EventRounds "7"]
[EventCountry "GER"]
[SourceTitle "EXT 2008"]
[Source "ChessBase"]
[SourceDate "2007.11.25"]
[SourceVersion "1"]
[SourceVersionDate "2007.11.25"]
[SourceQuality "1"]

1. e4 c5 2. d4 cxd4 3. c3 Nf6 4. e5 Nd5 5. cxd4 d6 6. Nf3 Nc6 7. Bc4 Nb6 8. Bb3 dxe5 9. dxe5 Qxd1+ 10. Bxd1 g6 11. Bb3 Bg7 12. Bf4 Nd7 13. Ba4 Nc5 14. Bxc6+ bxc6 15. 0-0 Ba6 16. Re1 Nd3 17. Re4 Nxb2 18. Nc3 0-0 19. Rb4 Nd3 20. Ra4 Bb5 21. Rd4 c5 0-1

[Event "Guben op"]
[Site "Guben"]
[Date "2003.??.??"]
[Round "6"]
[White "Reitinger, Petr"]
[Black "Seigerschmidt, Uwe"]
[Result "1-0"]
[WhiteElo "2114"]
[BlackElo "1964"]
[PlyCount "77"]
[EventDate "2003.??.??"]
[EventType "swiss"]
[EventRounds "7"]
[EventCountry "GER"]
[SourceTitle "EXT 2008"]
[Source "ChessBase"]
[SourceDate "2007.11.25"]
[SourceVersion "1"]
[SourceVersionDate "2007.11.25"]
[SourceQuality "1"]

1. e4 e6 2. d4 d5 3. e5 c5 4. c3 Nc6 5. Nf3 cxd4 6. cxd4 Bb4+ 7. Nc3 Nge7 8. Be2 Qa5 9. Qd3 Nf5 10. 0-0 Bd7 11. Bd2 0-0 12. g4 Nfe7 13. Ng5 Ng6 14. h4 h6 15. Nf3 Bxc3 16. bxc3 f5 17. h5 Nge7 18. g5 hxg5 19. Nxg5 Nd8 20. Kh2 Nf7 21. Nh3 Kh7 22. Rg1 Rg8 23. Nf4 Nh6 24. Rg5 Raf8 25. f3 a6 26. Qe3 Qb6 27. Rag1 Nf7 28. Rg6 Kh8 29. h6 gxh6 30. Nxd5 Nxg6 31. Nxb6 Bc6 32. c4 Nh4 33. d5 Rxg1 34. Kxg1 Rg8+ 35. Kf1 exd5 36. cxd5 Be8 37. Qd4 Ng6 38. e6+ Nfe5 39. Bf4 1-0